LEADER 00621nab a2200169 i 4500 001 000000309652 003 CaOOAMICUS 005 20180831172958.0 008 180831n xx uu u0 0und r 013 $a18745 040 $aSeMil$bita 100 0 $aLeo XIII,$c.$0(OLS)http://semarc/name/553 245 10$aLettera al nuovo Segretario di Stato, Em.mo Card. Nina. (27 agosto 1878) 773 0 $t[Luglio-Dicembre].$g289-292$w()273968 900 0 $aLeone XIII$c. 996 $6245$aLettera al nuovo Segretario di Stato, Em.mo Card. Nina. (27 agosto 1878)$9(OLS)http://semarc/title/384663 LEADER 00903nam a2200241 i 4500 001 000000042672 003 CaOOAMICUS 005 20131125000000.0 008 131125s1992 xx u000 u eng u 013 $a13842 020 $a0-281-04654-9 040 $aSeMil$bita 100 1 $aAlter, Robert.$0(OLS)http://semarc/name/17206 245 14$aThe world of biblical literature /$cRobert Alter. 260 $aLondon :$bSPCK,$c1992. 300 $axii, 225 p. ;$c22 cm. 650 4$aBibbia e letteratura.$0(OLS)http://semarc/subject/5491 850 $aSeMil 852 $aSeMil$W1$xVenegono$y1$m2W I 386$j8827$B8827$CSeMilBibl$Z2$F8827 $81 961 $aOmaggio: Tremolada don Pierantonio 996 $6020$a0-281-04654-9$9(OLS)http://semarc/number/14054 996 $6245$aThe world of biblical literature$9(OLS)http://semarc/title/62327 996 $6260$aLondon :$bSPCK$9(OLS)http://semarc/publisher/31034